[Event "Ottosen op"]
[Site "Edmonton CAN"]
[Date "2008.08.21"]
[Round "3"]
[White "Motuz, Vitaly"]
[Black "Laboucane, Randy"]
[Result "0-1"]
[WhiteElo "1797"]
[BlackElo "1865"]
[PlyCount "96"]
[GameId "2160767910336798"]
[EventDate "2008.08.07"]
[EventType "swiss"]
[EventRounds "4"]
[EventCountry "CAN"]
[SourceTitle "EXT 2011"]
[Source "ChessBase"]
[SourceDate "2011.11.26"]
[SourceVersion "1"]
[SourceVersionDate "2011.11.26"]
[SourceQuality "1"]

1. e4 c5 2. Nf3 d6 3. d4 cxd4 4. c3 Nf6 5. e5 dxe5 6. Nxe5 Qa5 7. Qxd4 e6 8. Be3 Be7 9. Nc4 Qd5 10. Nbd2 Nc6 11. Qf4 O-O 12. O-O-O Rd8 13. Be2 e5 14. Qf3 b5 15. Nf1 Qe6 16. Rxd8+ Bxd8 17. Nxe5 Bb7 18. Ng4 Na5 19. Nxf6+ Bxf6 20. Qh5 Qxa2 21. Qxb5 Be4 22. Bd3 a6 23. Qd7 Rd8 24. Qxd8+ Bxd8 25. Bxe4 Nc4 26. Nd2 Qxb2+ 27. Kd1 Nxd2 28. Bxd2 Qa1+ 29. Bc1 Bg5 30. Kc2 Qa4+ 31. Kd3 Qb5+ 32. c4 Qb3+ 33. Ke2 Qxc4+ 34. Bd3 Qg4+ 35. Ke1 Bxc1 36. Be2 Qxg2 37. Rf1 Qd5 38. f3 Be3 39. Rh1 a5 40. Kf1 Qd2 41. h4 a4 42. f4 a3 43. f5 a2 44. f6 a1=Q+ 45. Kg2 Qxe2+ 46. Kg3 Qf2+ 47. Kg4 h5+ 48. Kxh5 Qf5# 0-1

[Event "Ottosen op"]
[Site "Edmonton CAN"]
[Date "2008.08.21"]
[Round "3"]
[White "Sauve, Steve"]
[Black "Thompson, Peter"]
[Result "0-1"]
[WhiteElo "1677"]
[BlackElo "1806"]
[PlyCount "116"]
[GameId "2160767910336800"]
[EventDate "2008.08.07"]
[EventType "swiss"]
[EventRounds "4"]
[EventCountry "CAN"]
[SourceTitle "EXT 2011"]
[Source "ChessBase"]
[SourceDate "2011.11.26"]
[SourceVersion "1"]
[SourceVersionDate "2011.11.26"]
[SourceQuality "1"]

1. e4 c5 2. Nf3 d6 3. Bb5+ Bd7 4. Bxd7+ Qxd7 5. O-O Nc6 6. c3 Nf6 7. Re1 e6 8. d4 cxd4 9. cxd4 Be7 10. Nc3 O-O 11. Bg5 Rac8 12. Qb3 Na5 13. Qb5 Qxb5 14. Nxb5 Rc2 15. b3 Nc6 16. Na3 Rc3 17. Nc4 Nxe4 18. Bxe7 Nxe7 19. Na5 d5 20. Nxb7 Rb8 21. Na5 Rb5 22. b4 Rxb4 23. Nb3 Rc2 24. Rf1 Nf5 25. Rac1 Rbc4 26. Rxc2 Rxc2 27. Rc1 Rxc1+ 28. Nxc1 Nc3 29. g4 Nd6 30. Ne5 Ndb5 31. Nc6 Kf8 32. f3 Ke8 33. Kf2 f6 34. Ke3 Kd7 35. Nb8+ Kd6 36. Na6 e5 37. dxe5+ fxe5 38. Nb4 a5 39. Nbd3 d4+ 40. Kd2 Na3 41. Nb2 Kd5 42. Kd3 g5 43. Nb3 Nxa2 44. Nxa5 Nb4+ 45. Kd2 e4 46. fxe4+ Kxe4 47. Nb3 Nb1+ 48. Ke2 Nc3+ 49. Kd2 Ncd5 50. Nc5+ Kf3 51. h3 Nf4 52. Nc4 Nc6 53. Nd6 Nxh3 54. Kd3 Nf4+ 55. Kd2 Kxg4 56. Nce4 h5 57. Nf6+ Kf3 58. Nf5 h4 0-1

[Event "Ottosen op"]
[Site "Edmonton CAN"]
[Date "2008.08.21"]
[Round "3"]
[White "Seehagen, Terry"]
[Black "Borger, Rocky"]
[Result "1/2-1/2"]
[WhiteElo "1655"]
[BlackElo "1303"]
[PlyCount "62"]
[GameId "2160767910336801"]
[EventDate "2008.08.07"]
[EventType "swiss"]
[EventRounds "4"]
[EventCountry "CAN"]
[SourceTitle "EXT 2011"]
[Source "ChessBase"]
[SourceDate "2011.11.26"]
[SourceVersion "1"]
[SourceVersionDate "2011.11.26"]
[SourceQuality "1"]

1. e4 e5 2. Bc4 Nc6 3. f4 Bc5 4. Nf3 d6 5. b4 Bxb4 6. c3 Ba5 7. Qb3 Qe7 8. fxe5 Nxe5 9. Nxe5 dxe5 10. Qb5+ c6 11. Qxa5 Qh4+ 12. Kd1 Qg4+ 13. Kc2 b5 14. Bxb5 cxb5 15. Qxb5+ Bd7 16. Qxe5+ Ne7 17. Ba3 Be6 18. d4 f6 19. Qd6 Qxe4+ 20. Kc1 Nf5 21. Qc5 Qe3+ 22. Kd1 Qd3+ 23. Kc1 Rc8 24. Qb4 Kf7 25. Qb7+ Kg6 26. Qf3 Ne3 27. Qf2 Rhd8 28. Bc5 Rxc5 29. dxc5 Rc8 30. Qd2 Qxd2+ 31. Nxd2 Rxc5 1/2-1/2

[Event "Ottosen op"]
[Site "Edmonton CAN"]
[Date "2008.08.21"]
[Round "3"]
[White "Sponga, George"]
[Black "Wihnon, Jason"]
[Result "0-1"]
[WhiteElo "1643"]
[BlackElo "1737"]
[PlyCount "60"]
[GameId "2160767910336802"]
[EventDate "2008.08.07"]
[EventType "swiss"]
[EventRounds "4"]
[EventCountry "CAN"]
[SourceTitle "EXT 2011"]
[Source "ChessBase"]
[SourceDate "2011.11.26"]
[SourceVersion "1"]
[SourceVersionDate "2011.11.26"]
[SourceQuality "1"]

1. e4 e5 2. c4 Nf6 3. d3 g6 4. Nf3 d6 5. h3 Bg7 6. Be2 O-O 7. Nh2 Nc6 8. Be3 Nd4 9. Bxd4 exd4 10. Nd2 c5 11. O-O Ne8 12. Bg4 f5 13. Bf3 Rb8 14. Re1 Nf6 15. Nhf1 fxe4 16. dxe4 Nd7 17. Bg4 Ne5 18. Bxc8 Rxc8 19. Nh2 Qe7 20. Rf1 Bh6 21. b3 Rce8 22. Qe2 Qh4 23. Rad1 Rf7 24. Rde1 Ref8 25. f4 Rxf4 26. Nhf3 Qg3 27. Nh2 Rxf1+ 28. Ndxf1 Qh4 29. Kh1 Rf2 30. Qd1 Bf4 0-1

[Event "Ottosen op"]
[Site "Edmonton CAN"]
[Date "2008.08.21"]
[Round "3"]
[White "Stark, Mark"]
[Black "Mrugala, David"]
[Result "1-0"]
[WhiteElo "1937"]
[BlackElo "2075"]
[PlyCount "78"]
[GameId "2160767910336803"]
[EventDate "2008.08.07"]
[EventType "swiss"]
[EventRounds "4"]
[EventCountry "CAN"]
[SourceTitle "EXT 2011"]
[Source "ChessBase"]
[SourceDate "2011.11.26"]
[SourceVersion "1"]
[SourceVersionDate "2011.11.26"]
[SourceQuality "1"]

1. d4 d5 2. Bf4 Nf6 3. Nf3 e6 4. e3 c5 5. c3 Nc6 6. Nbd2 Be7 7. Ne5 O-O 8. Bd3 Bd7 9. Qf3 Re8 10. Qh3 g6 11. g4 Bf8 12. O-O-O a5 13. Ndf3 c4 14. Bb1 Bg7 15. Rhg1 Rf8 16. Bh6 b5 17. Bxg7 Kxg7 18. Ng5 b4 19. f4 bxc3 20. bxc3 Rb8 21. Bc2 Qe7 22. Kd2 h6 23. Ngxf7 Rxf7 24. Nxf7 Kxf7 25. Qxh6 Rg8 26. f5 exf5 27. gxf5 g5 28. Rg3 Ne4+ 29. Bxe4 Qxe4 30. Rf1 Qd3+ 31. Ke1 Qxc3+ 32. Kf2 Nxd4 33. Qh5+ Kf6 34. exd4 Qxd4+ 35. Re3 Qd2+ 36. Re2 Qd4+ 37. Kg2 Qd3 38. Qh6+ Kf7 39. Rfe1 Qa3 1-0

[Event "Ottosen op"]
[Site "Edmonton CAN"]
[Date "2008.08.21"]
[Round "3"]
[White "Yamach, Ahmet"]
[Black "Mrugala, Jonathan"]
[Result "0-1"]
[WhiteElo "1940"]
[BlackElo "1736"]
[PlyCount "56"]
[GameId "2160767910336804"]
[EventDate "2008.08.07"]
[EventType "swiss"]
[EventRounds "4"]
[EventCountry "CAN"]
[SourceTitle "EXT 2011"]
[Source "ChessBase"]
[SourceDate "2011.11.26"]
[SourceVersion "1"]
[SourceVersionDate "2011.11.26"]
[SourceQuality "1"]

1. c4 Nf6 2. d4 c5 3. d5 d6 4. Nc3 g6 5. Qc2 Bg7 6. f3 O-O 7. e4 Nbd7 8. Bd3 a6 9. a4 Rb8 10. Nge2 Ne5 11. Kf2 Nxd3+ 12. Qxd3 Nd7 13. b3 Ne5 14. Qc2 f5 15. Bb2 fxe4 16. Nxe4 Bf5 17. Bxe5 Bxe5 18. Rad1 b5 19. axb5 axb5 20. Rb1 e6 21. g3 exd5 22. cxd5 Qe7 23. Kg2 Qf7 24. Rhd1 Rbe8 25. Qd3 Bxe4 26. Qxe4 Bxg3 27. Qd3 c4 28. bxc4 bxc4 0-1

[Event "Ottosen op"]
[Site "Edmonton CAN"]
[Date "2008.08.28"]
[Round "4"]
[White "Mendryk, Wayne"]
[Black "Yamach, Ahmet"]
[Result "0-1"]
[WhiteElo "1436"]
[BlackElo "1940"]
[PlyCount "90"]
[GameId "2160767910336806"]
[EventDate "2008.08.07"]
[EventType "swiss"]
[EventRounds "4"]
[EventCountry "CAN"]
[SourceTitle "EXT 2011"]
[Source "ChessBase"]
[SourceDate "2011.11.26"]
[SourceVersion "1"]
[SourceVersionDate "2011.11.26"]
[SourceQuality "1"]

1. e4 g6 2. d4 Bg7 3. Nf3 e6 4. c4 d6 5. Nc3 Ne7 6. Be2 c6 7. O-O O-O 8. Bf4 d5 9. cxd5 exd5 10. e5 Be6 11. Qd2 Re8 12. h3 Nd7 13. Bh6 Nf5 14. Bxg7 Kxg7 15. b4 b5 16. a4 a6 17. a5 Qe7 18. Nd1 Nf8 19. Ne3 Nh6 20. Bd3 Bd7 21. Nh2 f5 22. f4 Ne6 23. Be2 Qh4 24. Nd1 Nf7 25. Nc3 g5 26. fxg5 Qxd4+ 27. Qxd4 Nxd4 28. Bh5 Rxe5 29. Ng4 Re7 30. Bxf7 fxg4 31. Bxd5 cxd5 32. Nxd5 Rf7 33. Nf6 Be6 34. Rad1 Nc2 35. Rd6 Bc4 36. Rf4 Ne3 37. Nh5+ Kf8 38. Rfd4 Rf1+ 39. Kh2 gxh3 40. Rf6+ Rxf6 41. gxf6 hxg2 42. Re4 Re8 43. Rf4 Nc2 44. Rg4 Be2 45. Ng7 Bxg4 0-1

[Event "Ottosen op"]
[Site "Edmonton CAN"]
[Date "2008.08.28"]
[Round "4"]
[White "Motuz, Vitaly"]
[Black "Johnson, Ron"]
[Result "1/2-1/2"]
[WhiteElo "1797"]
[BlackElo "1432"]
[PlyCount "110"]
[GameId "2160767910336807"]
[EventDate "2008.08.07"]
[EventType "swiss"]
[EventRounds "4"]
[EventCountry "CAN"]
[SourceTitle "EXT 2011"]
[Source "ChessBase"]
[SourceDate "2011.11.26"]
[SourceVersion "1"]
[SourceVersionDate "2011.11.26"]
[SourceQuality "1"]

1. e4 e5 2. Nf3 Nc6 3. Bc4 Bc5 4. c3 Nf6 5. d4 exd4 6. cxd4 Bb4+ 7. Nc3 O-O 8. Bg5 h6 9. Bxf6 Qxf6 10. e5 Qd8 11. O-O Bxc3 12. bxc3 d5 13. Bd3 Bg4 14. Bc2 Ne7 15. Re1 Rc8 16. h3 Bh5 17. e6 f6 18. g4 Be8 19. Nh4 Qd6 20. Nf5 Nxf5 21. Bxf5 Qe7 22. Qb3 c6 23. Rab1 Rc7 24. a4 g6 25. Bd3 f5 26. gxf5 gxf5 27. Kh2 Kh8 28. Qc2 Qg5 29. Rg1 Qf4+ 30. Rg3 Rg8 31. Qe2 h5 32. Qe5+ Qxe5 33. dxe5 f4 34. Rg2 Rcg7 35. Rbg1 Rxg2+ 36. Rxg2 Rxg2+ 37. Kxg2 Kg7 38. Kf3 Bg6 39. Bxg6 Kxg6 40. Kxf4 a5 41. Ke3 b5 42. Kd3 bxa4 43. Kc2 c5 44. Kb2 d4 45. f4 d3 46. f5+ Kg5 47. e7 a3+ 48. Kxa3 d2 49. e8=Q d1=Q 50. Qe7+ Kf4 51. Qxc5 Qa1+ 52. Kb3 Qb1+ 53. Kc4 Qa2+ 54. Kd3 Qb1+ 55. Kc4 Qa2+ 1/2-1/2

[Event "Ottosen op"]
[Site "Edmonton CAN"]
[Date "2008.08.28"]
[Round "4"]
[White "Mrugala, David"]
[Black "Thomas, Bruce"]
[Result "1-0"]
[WhiteElo "2075"]
[BlackElo "1762"]
[PlyCount "95"]
[GameId "2160767910336808"]
[EventDate "2008.08.07"]
[EventType "swiss"]
[EventRounds "4"]
[EventCountry "CAN"]
[SourceTitle "EXT 2011"]
[Source "ChessBase"]
[SourceDate "2011.11.26"]
[SourceVersion "1"]
[SourceVersionDate "2011.11.26"]
[SourceQuality "1"]

1. c4 c5 2. Nc3 Nc6 3. Nf3 g6 4. g3 Bg7 5. Bg2 Nf6 6. a3 a6 7. Rb1 O-O 8. O-O d6 9. b4 Rb8 10. bxc5 dxc5 11. d3 Nd7 12. Bd2 Re8 13. Qc1 Nce5 14. Bf4 Nxf3+ 15. Bxf3 e5 16. Be3 b6 17. a4 Bb7 18. Bxb7 Rxb7 19. a5 Re6 20. axb6 Rexb6 21. Rxb6 Qxb6 22. Qd2 Qe6 23. Kg2 f5 24. f3 h5 25. Nd5 Qd6 26. Qa5 Kh7 27. Ra1 Ra7 28. Qd8 e4 29. Rb1 exf3+ 30. exf3 Qe6 31. Re1 Qf7 32. Bf2 Nf6 33. Nxf6+ Bxf6 34. Qb6 Rd7 35. Re6 Bd4 36. Rd6 Bxf2 37. Kxf2 Rb7 38. Qxc5 Rb2+ 39. Ke3 Qe7+ 40. Kd4 Re2 41. Kc3 Rxh2 42. Qd5 Qe1+ 43. Kd4 Qf2+ 44. Ke5 Qxg3+ 45. Kf6 Qh4+ 46. Kf7 Re2 47. Qb7 Qg5 48. Kf8+ 1-0

[Event "Ottosen op"]
[Site "Edmonton CAN"]
[Date "2008.08.28"]
[Round "4"]
[White "Mrugala, Jonathan"]
[Black "Razzaq, Ali"]
[Result "1-0"]
[WhiteElo "1736"]
[BlackElo "1847"]
[PlyCount "103"]
[GameId "2160767910336809"]
[EventDate "2008.08.07"]
[EventType "swiss"]
[EventRounds "4"]
[EventCountry "CAN"]
[SourceTitle "EXT 2011"]
[Source "ChessBase"]
[SourceDate "2011.11.26"]
[SourceVersion "1"]
[SourceVersionDate "2011.11.26"]
[SourceQuality "1"]

1. Nf3 Nf6 2. g3 c5 3. c4 Nc6 4. Nc3 e6 5. Bg2 g6 6. a3 Bg7 7. Rb1 a5 8. d3 O-O 9. O-O d5 10. e3 Re8 11. cxd5 exd5 12. d4 Bf5 13. Ra1 c4 14. Re1 Qd7 15. Bd2 Bg4 16. Qc2 Rab8 17. Nb5 Ne4 18. Bc3 Ne7 19. a4 Nc6 20. Nd2 Nb4 21. Bxb4 axb4 22. Nxe4 Rxe4 23. Bxe4 b3 24. Qb1 dxe4 25. Qxe4 Re8 26. Qf4 h6 27. f3 Be6 28. Qd6 Qc8 29. Qc7 Bd7 30. Qxc8 Rxc8 31. Nc3 Bf8 32. Kf2 Bb4 33. Rec1 Rd8 34. Nd5 c3 35. Nxc3 Rc8 36. Nd5 Rxc1 37. Rxc1 Bd2 38. Rd1 Be6 39. Rxd2 Bxd5 40. e4 Bc6 41. a5 Bb5 42. e5 Kf8 43. Ke3 Ke7 44. f4 f6 45. exf6+ Kxf6 46. d5 Ke7 47. Kd4 Kd6 48. g4 Bf1 49. f5 gxf5 50. gxf5 Bh3 51. f6 Bg4 52. Rd3 1-0

[Event "Ottosen op"]
[Site "Edmonton CAN"]
[Date "2008.08.28"]
[Round "4"]
[White "Pechenkin, Vladimir"]
[Black "Stark, Mark"]
[Result "1-0"]
[WhiteElo "2288"]
[BlackElo "1937"]
[PlyCount "163"]
[GameId "2160767910336810"]
[EventDate "2008.08.07"]
[EventType "swiss"]
[EventRounds "4"]
[EventCountry "CAN"]
[SourceTitle "EXT 2011"]
[Source "ChessBase"]
[SourceDate "2011.11.26"]
[SourceVersion "1"]
[SourceVersionDate "2011.11.26"]
[SourceQuality "1"]

1. f4 d5 2. Nf3 g6 3. e3 Bg7 4. Be2 c6 5. O-O Nh6 6. a4 O-O 7. Na3 Bg4 8. Rb1 Nd7 9. b4 e5 10. fxe5 Bxf3 11. Bxf3 Nxe5 12. Bb2 Nf5 13. Be2 Nd6 14. Bd4 b6 15. Rb3 Qe7 16. Qc1 Rac8 17. Ba1 f5 18. c4 dxc4 19. Nxc4 Ndxc4 20. Bxc4+ Nxc4 21. Qxc4+ Kh8 22. Bxg7+ Kxg7 23. a5 Qe4 24. Qc3+ Kg8 25. Rf4 Qe6 26. Qc4 Rfe8 27. Rc3 Rcd8 28. Rd4 Qxc4 29. Rcxc4 Rxd4 30. Rxd4 Kf7 31. Rc4 Re6 32. Kf2 Rd6 33. Ke2 Ke7 34. axb6 axb6 35. g4 fxg4 36. Rxg4 Kf6 37. Rf4+ Ke7 38. h4 Rd5 39. d3 Rb5 40. Kd2 h6 41. Kc3 Re5 42. e4 g5 43. hxg5 hxg5 44. Rg4 Kf6 45. d4 Re7 46. Kd3 Ra7 47. Rg1 Ra3+ 48. Ke2 Rb3 49. Rc1 Rxb4 50. Rxc6+ Kf7 51. Ke3 Rb3+ 52. Kf2 Rb4 53. Rd6 b5 54. Kf3 Rb1 55. Kg4 Rg1+ 56. Kf5 g4 57. Rd7+ Kg8 58. Rb7 g3 59. Kf4 Rd1 60. Rxb5 Rxd4 61. Rg5+ Kf7 62. Rxg3 Ke6 63. Rg6+ Ke7 64. Ke5 Ra4 65. Rg7+ Ke8 66. Kf5 Ra1 67. e5 Kf8 68. Rb7 Ke8 69. Kf6 Rf1+ 70. Ke6 Kf8 71. Rb8+ Kg7 72. Ke7 Ra1 73. Rb7 Rd1 74. e6 Rd2 75. Ke8+ Kf6 76. e7 Kg7 77. Rb4 Ra2 78. Rg4+ Kh7 79. Kf7 Rf2+ 80. Ke6 Re2+ 81. Kf6 Rf2+ 82. Ke5 1-0

[Event "Ottosen op"]
[Site "Edmonton CAN"]
[Date "2008.08.28"]
[Round "4"]
[White "Pedersen, Rick"]
[Black "Grumic, Sasha"]
[Result "0-1"]
[WhiteElo "1928"]
[BlackElo "2106"]
[PlyCount "62"]
[GameId "2160767910336811"]
[EventDate "2008.08.07"]
[EventType "swiss"]
[EventRounds "4"]
[EventCountry "CAN"]
[SourceTitle "EXT 2011"]
[Source "ChessBase"]
[SourceDate "2011.11.26"]
[SourceVersion "1"]
[SourceVersionDate "2011.11.26"]
[SourceQuality "1"]

1. e4 e6 2. e5 c5 3. Nf3 Nc6 4. Nc3 Qc7 5. Nb5 Qb8 6. d4 cxd4 7. Bf4 a6 8. Nbxd4 Nge7 9. Bd3 Nd5 10. Bg3 Bb4+ 11. Kf1 h5 12. Nxc6 bxc6 13. c4 Nb6 14. a3 Be7 15. h4 a5 16. Ng5 Ba6 17. Qf3 Bxg5 18. hxg5 Nxc4 19. Qf4 Qxb2 20. Rd1 Qb3 21. Qc1 Nb2 22. Bxa6 Qxd1+ 23. Qxd1 Nxd1 24. Bd3 Rb8 25. g6 Rb3 26. Bc2 Rxg3 27. gxf7+ Ke7 28. Bxd1 Rxa3 29. g4 h4 30. Rh2 Ra1 31. Ke2 Rb8 0-1

[Event "Ottosen op"]
[Site "Edmonton CAN"]
[Date "2008.08.28"]
[Round "4"]
[White "Thompson, Peter"]
[Black "Hughey, Micah"]
[Result "0-1"]
[WhiteElo "1806"]
[BlackElo "2218"]
[PlyCount "46"]
[GameId "2160767910336812"]
[EventDate "2008.08.07"]
[EventType "swiss"]
[EventRounds "4"]
[EventCountry "CAN"]
[SourceTitle "EXT 2011"]
[Source "ChessBase"]
[SourceDate "2011.11.26"]
[SourceVersion "1"]
[SourceVersionDate "2011.11.26"]
[SourceQuality "1"]

1. d4 d5 2. Nf3 c5 3. dxc5 e6 4. b4 a5 5. c3 axb4 6. cxb4 b6 7. Bb2 bxc5 8. bxc5 Nf6 9. e3 Bxc5 10. Bb5+ Bd7 11. Bxd7+ Nbxd7 12. O-O O-O 13. Nc3 Qe7 14. a4 Ra6 15. Nb5 Ne4 16. Qd3 Bb6 17. Nbd4 Rfa8 18. Qb5 Nd6 19. Qb3 Nc5 20. Qb4 Nd3 21. Qb3 Nc5 22. Qb4 Nc4 23. Ne5 Nxe5 0-1

[Event "Ottosen op"]
[Site "Edmonton CAN"]
[Date "2008.08.28"]
[Round "4"]
[White "Wihnon, Jason"]
[Black "McKay, Arnold"]
[Result "0-1"]
[WhiteElo "1737"]
[BlackElo "1834"]
[PlyCount "94"]
[GameId "2160767910336813"]
[EventDate "2008.08.07"]
[EventType "swiss"]
[EventRounds "4"]
[EventCountry "CAN"]
[SourceTitle "EXT 2011"]
[Source "ChessBase"]
[SourceDate "2011.11.26"]
[SourceVersion "1"]
[SourceVersionDate "2011.11.26"]
[SourceQuality "1"]

1. e4 c5 2. d4 cxd4 3. c3 Nc6 4. cxd4 d6 5. Nf3 e6 6. Nc3 Nf6 7. Bc4 Be7 8. d5 Ne5 9. Bb5+ Bd7 10. dxe6 Nxf3+ 11. gxf3 fxe6 12. Qe2 a6 13. Bxd7+ Qxd7 14. Be3 Rc8 15. Qd3 Nh5 16. Rd1 O-O 17. Nd5 Bd8 18. Nb6 Bxb6 19. Bxb6 Rc6 20. Bd4 Qe7 21. Kd2 e5 22. Bc3 Nf4 23. Qe3 b5 24. Bb4 Rc4 25. Qb3 Kh8 26. Rc1 Rd4+ 27. Kc2 Ne2 28. Rcd1 Rxd1 29. Kxd1 Nd4 30. Qd5 Rxf3 31. Kc1 Qc7+ 32. Kb1 Qc2+ 33. Ka1 h6 34. Qa8+ Kh7 35. Qxa6 Rd3 36. a3 Nb3+ 37. Ka2 Nc1+ 38. Ka1 Rb3 39. Bc3 Rxc3 40. Rxc1 Qxc1+ 41. Ka2 Rc5 42. Qxd6 Qc4+ 43. Kb1 Qd4 44. Qf8 Qxe4+ 45. Ka2 Rc1 46. Qf7 Qc4+ 47. Qxc4 Rxc4 0-1

[Event "Par equipes"]
[Site "Chambly CAN"]
[Date "2008.06.01"]
[Round "?"]
[White "Gil, Bernardo"]
[Black "Beaudry, Marc-Andre"]
[Result "0-1"]
[WhiteElo "1608"]
[BlackElo "1982"]
[PlyCount "58"]
[GameId "2160767910354502"]
[EventDate "2008.06.01"]
[EventType "team"]
[EventCountry "CAN"]

1. d4 Nf6 2. Nf3 e6 3. Bf4 b6 4. e3 Bb7 5. Nbd2 Be7 6. Bd3 Nh5 7. Be5 d6 8. Bg3 g6 9. Be4 d5 10. Bd3 Nxg3 11. hxg3 Nd7 12. e4 dxe4 13. Bxe4 c6 14. Qe2 Nf6 15. Bd3 c5 16. Bb5+ Kf8 17. Qe3 h5 18. dxc5 Bxc5 19. Qe5 Kg8 20. O-O-O Nd7 21. Ne4 Nxe5 22. Rxd8+ Rxd8 23. Nc3 Bxf2 24. Rf1 Be3+ 25. Kb1 Kg7 26. Nxe5 f6 27. Nd7 a6 28. Rxf6 axb5 29. Rxe6 Rhe8 0-1

[Event "Paul Keres mem (33rd)"]
[Site "Vancouver CAN"]
[Date "2008.05.16"]
[Round "1"]
[White "Marionito, Jose"]
[Black "Selzler, Ricky"]
[Result "0-1"]
[WhiteElo "1746"]
[BlackElo "2358"]
[PlyCount "50"]
[GameId "2160767910354770"]
[EventDate "2008.05.16"]
[EventType "swiss"]
[EventRounds "7"]
[EventCountry "CAN"]
[SourceTitle "EXT 2011"]
[Source "ChessBase"]
[SourceDate "2011.11.26"]
[SourceVersion "1"]
[SourceVersionDate "2011.11.26"]
[SourceQuality "1"]

1. e4 c5 2. Nf3 Nc6 3. d4 cxd4 4. Nxd4 e5 5. Nb5 d6 6. N1c3 a6 7. Na3 b5 8. Nd5 Nge7 9. c4 Nd4 10. cxb5 Nxd5 11. exd5 Bd7 12. bxa6 Qa5+ 13. Bd2 Qxd5 14. Nc4 Qe4+ 15. Ne3 Be7 16. f3 Bh4+ 17. g3 Nxf3+ 18. Kf2 Nxd2 19. Bg2 Qf4+ 20. Ke2 Bb5+ 21. Kxd2 Qd4+ 22. Kc1 Qxe3+ 23. Qd2 Rc8+ 24. Kd1 Qxd2+ 25. Kxd2 Bg5+ 0-1

[Event "Paul Keres mem (33rd)"]
[Site "Vancouver CAN"]
[Date "2008.05.16"]
[Round "1"]
[White "Orlov, Georgi"]
[Black "Gornall, Kirk"]
[Result "1-0"]
[WhiteElo "2563"]
[BlackElo "2108"]
[PlyCount "69"]
[GameId "2160767910354771"]
[EventDate "2008.05.16"]
[EventType "swiss"]
[EventRounds "7"]
[EventCountry "CAN"]
[SourceTitle "EXT 2011"]
[Source "ChessBase"]
[SourceDate "2011.11.26"]
[SourceVersion "1"]
[SourceVersionDate "2011.11.26"]
[SourceQuality "1"]

1. d4 d5 2. c4 c6 3. Nc3 Nf6 4. Nf3 e6 5. g3 Nbd7 6. Bg2 Be7 7. O-O O-O 8. Qc2 a6 9. e4 dxe4 10. Nxe4 Nxe4 11. Qxe4 c5 12. Be3 cxd4 13. Bxd4 Qc7 14. b3 Nc5 15. Qe3 f6 16. b4 Na4 17. c5 Bd7 18. Qb3 Kh8 19. Rac1 Bb5 20. Rfe1 e5 21. Nxe5 fxe5 22. Bxe5 Qd7 23. Rcd1 Qf5 24. Bxg7+ Kxg7 25. Rxe7+ Rf7 26. Qe3 Qf6 27. Rxf7+ Kxf7 28. Rd4 Rd8 29. Rf4 Rd1+ 30. Bf1 Rxf1+ 31. Kg2 Rb1 32. Rxf6+ Kxf6 33. Qf4+ Kg7 34. Qg5+ Kh8 35. Qf5 1-0

[Event "Paul Keres mem (33rd)"]
[Site "Vancouver CAN"]
[Date "2008.05.16"]
[Round "1.2"]
[White "Radzikowski, Marek"]
[Black "Cheng, Bindi"]
[Result "0-1"]
[WhiteElo "2105"]
[BlackElo "2360"]
[PlyCount "78"]
[GameId "2160767910354772"]
[EventDate "2008.05.16"]
[EventType "swiss"]
[EventRounds "7"]
[EventCountry "CAN"]

1. g3 d5 2. Bg2 c6 3. d3 Bg4 4. Nf3 Nd7 5. O-O e5 6. e4 dxe4 7. dxe4 Ngf6 8. Bg5 Qc7 9. Nbd2 Bc5 10. h3 Be6 11. Qe2 O-O 12. Rad1 Rfe8 13. Nh4 h6 14. Be3 Bxe3 15. Qxe3 Qb6 16. Qxb6 axb6 17. a3 Nc5 18. Nf5 Rad8 19. Ne3 b5 20. f4 Na4 21. fxe5 Nd7 22. Nf3 Nxb2 23. Rb1 Nc4 24. Nxc4 Bxc4 25. Rfd1 Be2 26. Rd2 Bxf3 27. Bxf3 Nxe5 28. Rxd8 Rxd8 29. Be2 Rd2 30. Kf2 Rxc2 31. a4 b4 32. Ke3 c5 33. Bb5 Rc3+ 34. Kf2 Kf8 35. Rd1 Ke7 36. Ke2 f6 37. Kf2 b3 38. Rb1 c4 39. a5 b2 0-1

[Event "Paul Keres mem (33rd)"]
[Site "Vancouver CAN"]
[Date "2008.05.16"]
[Round "1.3"]
[White "Lee, Vicente jr."]
[Black "Daswani, Benedict"]
[Result "1/2-1/2"]
[WhiteElo "2356"]
[BlackElo "2096"]
[PlyCount "70"]
[GameId "2160767910354773"]
[EventDate "2008.05.16"]
[EventType "swiss"]
[EventRounds "7"]
[EventCountry "CAN"]

1. e4 g6 2. d4 d6 3. Nc3 Nf6 4. Nf3 Bg7 5. h3 O-O 6. Bg5 c5 7. Qd2 Qa5 8. dxc5 Qxc5 9. O-O-O Bd7 10. Bxf6 exf6 11. Qxd6 Qa5 12. Rd5 Qb6 13. Qxb6 axb6 14. a3 Bc6 15. Rd1 f5 16. exf5 Bxf3 17. gxf3 Bxc3 18. bxc3 Rxa3 19. Kb2 Ra5 20. Bd3 Na6 21. Ra1 Nc5 22. Rxa5 bxa5 23. Re1 Kg7 24. c4 Kf6 25. fxg6 hxg6 26. Kc3 Rh8 27. Bf1 Rd8 28. Ra1 b6 29. Bd3 Kg5 30. Re1 Kf4 31. Re3 f5 32. Be2 Rd6 33. h4 Na4+ 34. Kb3 Nc5+ 35. Kc3 Na4+ 1/2-1/2

[Event "Paul Keres mem (33rd)"]
[Site "Vancouver CAN"]
[Date "2008.05.16"]
[Round "1.4"]
[White "Chan, James"]
[Black "Roua, Radu Laurentiu"]
[Result "0-1"]
[WhiteElo "2076"]
[BlackElo "2321"]
[PlyCount "66"]
[GameId "2160767910354774"]
[EventDate "2008.05.16"]
[EventType "swiss"]
[EventRounds "7"]
[EventCountry "CAN"]

1. e4 e5 2. Nf3 Nc6 3. Bb5 a6 4. Ba4 Nf6 5. O-O Be7 6. Re1 b5 7. Bb3 d6 8. c3 O-O 9. h3 Nd7 10. d3 Bf6 11. Nbd2 Ne7 12. Nf1 Nc5 13. Bc2 Ne6 14. Qe2 Nf4 15. Bxf4 exf4 16. d4 Ng6 17. e5 Re8 18. Rad1 Bb7 19. N1h2 Be7 20. Qd3 dxe5 21. Rxe5 Bd6 22. Rxe8+ Qxe8 23. h4 h6 24. h5 Nf8 25. Re1 Qd7 26. Nh4 Re8 27. Rxe8 Qxe8 28. N2f3 Qe6 29. b3 Qg4 30. Qf5 Bc8 31. Qd5 Be6 32. Bf5 Qxh4 33. Qxd6 Qxh5 0-1

[Event "Paul Keres mem (33rd)"]
[Site "Vancouver CAN"]
[Date "2008.05.16"]
[Round "1.5"]
[White "Berry, Jonathan"]
[Black "Salcedo, Daniel"]
[Result "1-0"]
[WhiteElo "2284"]
[BlackElo "2067"]
[PlyCount "37"]
[GameId "2160767910354775"]
[EventDate "2008.05.16"]
[EventType "swiss"]
[EventRounds "7"]
[EventCountry "CAN"]

1. Nf3 Nf6 2. c4 g6 3. g3 Bg7 4. Bg2 O-O 5. O-O c5 6. Nc3 d5 7. cxd5 Nxd5 8. Nxd5 Qxd5 9. d3 Nc6 10. Be3 Qh5 11. Rc1 Bxb2 12. Rxc5 Qg4 13. d4 Ba3 14. Rc4 Qd7 15. d5 Rd8 16. Qa4 Qxd5 17. Rxc6 Qxc6 18. Qxa3 Qd7 19. Ne5 1-0

[Event "Paul Keres mem (33rd)"]
[Site "Vancouver CAN"]
[Date "2008.05.17"]
[Round "2"]
[White "Davies, Lucas"]
[Black "Burke, Paul1"]
[Result "1-0"]
[WhiteElo "2238"]
[BlackElo "2033"]
[PlyCount "45"]
[GameId "2160767910354777"]
[EventDate "2008.05.16"]
[EventType "swiss"]
[EventRounds "7"]
[EventCountry "CAN"]
[SourceTitle "EXT 2011"]
[Source "ChessBase"]
[SourceDate "2011.11.26"]
[SourceVersion "1"]
[SourceVersionDate "2011.11.26"]
[SourceQuality "1"]

1. e4 d6 2. d4 Nf6 3. Nc3 g6 4. f3 Bg7 5. Be3 O-O 6. Qd2 e5 7. d5 c6 8. O-O-O Qa5 9. dxc6 Nxc6 10. Qxd6 Be6 11. Qc5 Bh6 12. Kb1 Bxe3 13. Qxe3 Nd4 14. Nge2 Rad8 15. Nxd4 exd4 16. Rxd4 Bxa2+ 17. Nxa2 Rxd4 18. Qxd4 Rd8 19. Qe3 Rd1+ 20. Nc1 Nd7 21. Rg1 Re1 22. Qf2 Ne5 23. Bd3 1-0